00299nam a2200145Ia 45000030006000000080041000060400015000471000017000622450019000792500011000982600009001093000006001185460012001240050017001360STCL150530s9999 xx 000 0 und d aSTCLcSTCL aBush Douglas aEnglish poetry aSecond c1968 a0 aEnglish20220125170826.0